AH International Schools' Libraries

(Khmer) Kabas / (Record no. 50042)

MARC details
000 -LEADER
fixed length control field 00323nam a2200121 4500
020 ## - INTERNATIONAL STANDARD BOOK NUMBER
International Standard Book Number 9789924341901
245 ## - TITLE STATEMENT
Title (Khmer) Kabas /
Statement of responsibility, etc Ouch Solida.
260 ## - PUBLICATION, DISTRIBUTION, ETC. (IMPRINT)
Place of publication, distribution, etc Cambodia:
Name of publisher, distributor, etc Sipar;
Date of publication, distribution, etc 2024.
300 ## - PHYSICAL DESCRIPTION
Extent 34 p.
Other physical details col. ill.
Dimensions 19 cm.
490 ## - SERIES STATEMENT
Series statement I can read;
700 ## - ADDED ENTRY--PERSONAL NAME
Relator code illustrator.
Personal name Seng Visal.
9 (RLIN) 84136
942 ## - ADDED ENTRY ELEMENTS (KOHA)
Source of classification or shelving scheme
Koha item type Khmer Fic Books
Holdings
Withdrawn status Lost status Source of classification or shelving scheme Damaged status Not for loan Collection code Home library Current library Date acquired Total Checkouts Full call number Barcode Checked out Date last seen Date checked out Price effective from Koha item type
          Siem Riep Asian Hope Secondary Library Asian Hope Secondary Library 01/13/2026 1 KHMER J FIC OUC 210165 06/09/2026 03/11/2026 03/11/2026 01/13/2026 Khmer Fic Books

For any Logos Library related questions please contact Miss Art at swongnarasuk@asianhope.org.

For any Asian Hope Library related questions please contact Miss Raza at graza@asianhope.org.

Powered by Koha